História das três janelas (Registo nº 2220)

Detalhes MARC
000 -Etiqueta do registo
Cabeçalho 00638nam a22002171 4500
005 - Identificador da versão
Campo de controlo 20240827115023.0
100 ## - Dados gerais de processamento
Dados gerais de processamento 19990701d1977 de y0pory5003 ba
101 0# - Língua de publicação
Língua do texto, banda sonora, etc. Português
102 ## - Pais de publicação ou produção
País de publicação Portugal
106 ## - Campo de dados codificados: material textual
Dados codificados do material textual r
200 1# - Titulo e menção de responsabilidade
Título próprio História das três janelas
Informação de outro título e outras histórias
Primeira menção de responsabilidade Garcia Barreto
Outras menções de responsabilidade il. Romeu Costa
210 ## - Publicação, Distribuição, etc. 
Lugar da edição, distribuição, etc. Lisboa
Nome do editor, distribuidor, etc. Plátano
Data da publicação, distribuição, etc. [D.L. 1977]
215 ## - Descrição física 
Indicação específica da natureza do documento e extensão da espécie 53, [3] p.
Outras indicações físicas il.
Dimensões 23 cm
225 2# - Colecção 
Título próprio da colecção A rã que ri
Indicação de volume 6
606 ## - Nome comum usado como assunto
Número de registo de entrada de autoridade 0000364
Palavra de ordem Literatura portuguesa infanto-juvenil
Subdivisão de assunto Conto
675 ## - Classificação Decimal Universal (CDU)
Notação 821.134.3-34
Edição
Língua da edição por
700 #1 - Nome de autor-pessoa física (responsabilidade principal)
Número de registo de entrada de autoridade 0001034
Palavra de ordem Barreto
Outra parte do nome não tomada para palavra de ordem Garcia
Datas 1948-
702 #1 - Nome de autor-pessoa física (responsabilidade secundária)
Número de registo de entrada de autoridade 0001017
Palavra de ordem Costa
Outra parte do nome não tomada para palavra de ordem Romeu
Código de função Ilustrador / Técnico de desenho computorizado
942 ## - Elementos de entrada adicionados (Koha)
Tipo de item no Koha Livro
Exemplares
Situação do levantamento Origin of item (home branch) (coded) Biblioteca de empréstimo Código de barras Cota Circulation type (not for loan) Tipo de documento Nota do exemplar Damaged status
  Biblioteca Escolar da Coca Maravilhas Biblioteca Escolar da Coca Maravilhas BECM4514/99 8POR BAR   Livro Sem mensagem